000 00429nam a2200181Ia 4500
001 4809
005 20260306145822.0
008 260306t2006||||xx |||||||||||||| ||spa||
041 _aESP
082 _a330.122
_bT21
100 _aTapia Rocha, José Luis
_eAUT
245 0 _aEmpresa, economía y libertad
260 _c2006
300 _a223 páginas :
_c21 cm.
650 _aGEN
654 _aCAN
942 _cLIB
_dJUS
_fJUS
_2ddc
_n
999 _c4809
_d4809